[Event "Southern Californian-ch"]
[Site "Los Angeles"]
[Date "1999.07.17"]
[Round "5"]
[White "Altounian, Levon"]
[Black "Lee, Dan"]
[Result "1-0"]
[WhiteElo "2434"]
[BlackElo "2211"]

1.e4 c5 2.c3 Nf6 3.e5 Nd5 4.g3 Nc6 5.Bg2 Qc7 6.f4 e6 7.Nf3 d6 8.Qe2 Bd7 9.O-O Be7
10.d3 O-O 11.c4 Nb6 12.exd6 Qxd6 13.Nc3 f5 14.Nb5 Qb8 15.Be3 a6 16.Nc3 Qd6
17.Qf2 Rfd8 18.Rad1 Be8 19.a3 Nd4 20.b4 Nxf3+ 21.Bxf3 Na4 22.Nxa4 Bxa4 23.Bxc5 Qc7
24.Bb6 Qd7 25.Rd2 Bf6 26.d4 Re8 27.d5 exd5 28.Rxd5 Qf7 29.Bd4 Bc6 30.Rd1 Rad8
31.Bb6 Bxd5 32.Bxd5 Rxd5 33.cxd5 Qd7 34.d6 Be7 35.Qa2+ Kh8 36.Qf7 Qc6 37.Bf2 Bf6
38.d7 Rd8 39.Re1 h6 40.Re8+ Kh7 41.Qg8+  1-0

[Event "Bydgoszcz Bank Pocztowy op"]
[Site "Bydgoszcz"]
[Date "1999.07.18"]
[Round "7"]
[White "Vysochin, Spartak"]
[Black "Sosnicki, Michal"]
[Result "1-0"]
[WhiteElo "2487"]
[BlackElo "2335"]

1.e4 c5 2.c3 Nf6 3.e5 Nd5 4.Nf3 e6 5.Bc4 d6 6.d4 cxd4 7.cxd4 Nc6 8.O-O Be7
9.Qe2 O-O 10.Re1 dxe5 11.dxe5 Qc7 12.Nc3 Nxc3 13.bxc3 Rd8 14.Bd3 b6 15.Bf4 Bb7
16.Rac1 Na5 17.Nd4 Bd5 18.Bb1 Nc4 19.Qg4 a6 20.h4 Na3 21.Bd3 Bf8 22.Bg5 Rd7
23.h5 Bc4 24.Bxh7+ Kxh7 25.Qe4+ Kg8 26.Qxa8 Rd5 27.h6 gxh6 28.Bf6 Bd3 29.Nc6 Rd7
30.Rcd1  1-0

[Event "Paris-ch"]
[Site "Paris"]
[Date "1999.07.19"]
[Round "3"]
[White "Brih, Said"]
[Black "Simon, Olivier"]
[Result "1/2-1/2"]
[WhiteElo "2040"]
[BlackElo "2160"]

1.e4 c5 2.c3 Nf6 3.e5 Nd5 4.d4 cxd4 5.Nf3 e6 6.cxd4 b6 7.Bc4 Bb7 8.O-O Be7
9.Bxd5 exd5 10.Nc3 Na6 11.Be3 O-O 12.Ne1 d6 13.f4 dxe5 14.fxe5 f6 15.Nd3 Qd7
16.Qh5 Nc7 17.Rf3 Qe8 18.Qg4 Bc8 19.Qg3 f5 20.Nf4 Qf7 21.Raf1 Ba6 22.Re1 Bc8
23.e6 Nxe6 24.Nfxd5  1/2-1/2

[Event "Komercni Banka op"]
[Site "Pardubice"]
[Date "1999.07.21"]
[Round "6"]
[White "Kernazhitsky, Leonid"]
[Black "Rogozenko, Dorin"]
[Result "1-0"]
[WhiteElo "2438"]
[BlackElo "2576"]

1.e4 c5 2.c3 Nf6 3.e5 Nd5 4.Nf3 Nc6 5.d4 cxd4 6.cxd4 d6 7.Bc4 Nb6 8.Bb5 dxe5
9.Nxe5 Bd7 10.Bxc6 Bxc6 11.Nxc6 bxc6 12.O-O g6 13.Re1 Bg7 14.Bg5 Nc8 15.Be3 Rb8
16.Re2 O-O 17.Nc3 Nb6 18.Qd3 Nd5 19.Rd1 Qa5 20.Qc4 Rfc8 21.Rc2 Nb4 22.Rcc1 Qf5
23.Qe2 h5 24.h3 Qe6 25.b3 Nd5 26.Na4 h4 27.Nc5 Qf5 28.Rc4 Rd8 29.Rdc1 Nb6
30.Na6 Ra8 31.Rc5 Qe4 32.Qc2 Qxc2 33.R5xc2 Bxd4 34.Bg5 Bf6 35.Bxf6 exf6 36.Rxc6 Kg7
37.a4 Nd5 38.b4 Nf4 39.Kh2 Rd2 40.R6c2 Rad8 41.b5 Ne2 42.Rxd2 Rxd2 43.Rc4 g5
44.Nb4 Nd4 45.Nc6 Nf5 46.Rc3 Ra2 47.a5 Nd6 48.Rb3 f5 49.a6 Rxf2 50.Nxa7 g4
51.hxg4 fxg4 52.Rb4 f5 53.b6 Ne4 54.Rxe4 fxe4 55.b7 Rb2 56.Nc6 e3 57.Ne5 Kf6
58.Nd3 Kg5 59.a7  1-0

[Event "Glorney Cup U20"]
[Site "Bruges"]
[Date "1999.07.27"]
[Round "2"]
[White "Cau, Benjamin"]
[Black "Longson, Alex"]
[Result "1/2-1/2"]
[WhiteElo "2174"]
[BlackElo "2169"]

1.e4 c5 2.c3 Nf6 3.e5 Nd5 4.d4 cxd4 5.cxd4 e6 6.Nf3 b6 7.Nc3 Nxc3 8.bxc3 Qc7
9.Bd2 d6 10.exd6 Bxd6 11.Bd3 Nd7 12.O-O Bb7 13.c4 Nf6 14.h3 Ne4 15.Be3 h6
16.Nd2 Nxd2 17.Qxd2 f5 18.f3 g5 19.Rfe1 O-O-O 20.c5 bxc5 21.Rec1 Kb8 22.Rab1 Ka8
23.Rxb7 Qxb7 24.dxc5 Bf4 25.c6 Bxe3+ 26.Qxe3 Qb6 27.Qxb6 axb6 28.c7 Rxd3
29.c8=Q+ Rxc8 30.Rxc8+ Kb7 31.Rh8 Kc6 32.Rxh6 Kd5 33.Rg6 Ra3 34.Rxg5 Rxa2
35.g4 Ke5 36.gxf5 exf5 37.Rg6 b5 38.h4 Kf4 39.h5 b4 40.Rb6 Kg3 41.Kf1 Kxf3
42.Kg1 Rg2+ 43.Kf1 Rh2 44.Kg1 Rxh5 45.Rxb4 f4 46.Rb3+ Kg4 47.Kg2 Ra5 48.Rb2 Ra3
49.Rc2 Rg3+ 50.Kf2 Rh3 51.Kg2 f3+ 52.Kg1 Kg3 53.Rg2+ Kf4 54.Ra2 Rh8 55.Ra7 Rg8+  1/2-1/2

[Event "Korinthos op 3rd"]
[Site "Korinthos"]
[Date "1999.07.27"]
[Round "4"]
[White "Tzermiadianos, Andreas"]
[Black "Gelashvili, Tamaz"]
[Result "1/2-1/2"]
[WhiteElo "2432"]
[BlackElo "2531"]

1.e4 c5 2.c3 Nf6 3.e5 Nd5 4.Nf3 e6 5.Bc4 Nb6 6.Bb3 d6 7.d4 cxd4 8.cxd4 dxe5
9.Nxe5 Bb4+ 10.Nc3 O-O 11.O-O N8d7 12.Qf3 Nf6 13.Bg5 h6 14.Bh4 Be7 15.Rad1 Nfd5
16.Bxe7 Nxe7 17.Rfe1 Nbd5 18.Nxd5 Nxd5 19.Bxd5 exd5 20.Qb3 Qd6 21.Rc1 Rb8
22.Rc5 Be6 23.Rec1 f6 24.Ng6 Rfe8 25.Qg3 Qxg3 26.hxg3 Bf7 27.Nf4 b6 28.Rc7 g5
29.Nd3 a5 30.R1c6 Re6 31.Rxe6 Bxe6 32.f3 Rc8 33.Rxc8+ Bxc8 34.g4 Ba6 35.Ne1 Kf7
36.Kf2 Ke6 37.Nc2 Bd3 38.Ne3 Bg6 39.Ke2  1/2-1/2

[Event "Aceimar op 6th"]
[Site "Mondariz Balneario"]
[Date "1999.07.29"]
[Round "3"]
[White "Rodriguez Boado, Martin"]
[Black "Franco Alonso, Alejandro"]
[Result "1-0"]
[WhiteElo "2167"]
[BlackElo "2204"]

1.e4 c5 2.c3 Nf6 3.Bd3 Nc6 4.Qe2 e5 5.Nf3 g6 6.Bb5 Qc7 7.O-O Bg7 8.d4 cxd4
9.cxd4 exd4 10.e5 Nd5 11.Qe4 Nde7 12.Bf4 Qb6 13.Na3 O-O 14.Rad1 a6 15.Bd3 Qc5
16.Nc4 d5 17.exd6 Nd5 18.d7 Bxd7 19.Bd6 Qb5 20.a4 Qb3 21.Qxd5 Be6 22.Qc5 Rfc8
23.Nb6 Ne5 24.Qb4 Nxd3 25.Qxb3 Bxb3 26.Rxd3 Bc4 27.Rc1 Bxd3 28.Rxc8+ Rxc8
29.Nxc8 Bc2 30.Ne7+ Kh8 31.a5 d3 32.b4 Bc3 33.Bf4 Kg7 34.Nd5 Bb2 35.Bd2 Bb3
36.Nf4 Bc4 37.Ne1 Kf6 38.Nexd3 Bd4 39.Be3 Bxe3 40.fxe3 g5 41.Nb2 gxf4 42.Nxc4 fxe3
43.Nd6 Ke5 44.Nxb7 Kd4 45.Kf1 Kc3 46.Ke2 Kxb4 47.Kxe3 Kb5 48.Kd4 Kc6 49.Nc5 Kb5
50.Nb7 Kc6 51.Nd8+  1-0

[Event "Lost Boys op"]
[Site "Antwerp"]
[Date "1999.08.01"]
[Round "3"]
[White "Jonkman, Harmen"]
[Black "Golod, Vitali"]
[Result "0-1"]
[WhiteElo "2421"]
[BlackElo "2568"]

1.e4 c5 2.c3 Nf6 3.e5 Nd5 4.Nf3 d6 5.Bc4 dxe5 6.Nxe5 e6 7.O-O Nd7 8.Nf3 Be7
9.d4 O-O 10.Qe2 b6 11.Nbd2 Bb7 12.Ne4 cxd4 13.Nxd4 Nc5 14.Rd1 Kh8 15.Nxc5 bxc5
16.Nc2 Qc7 17.Bd3 Rad8 18.c4 Nf4 19.Bxf4 Qxf4 20.Qe3 Qxe3 21.fxe3 Bf6 22.Rab1 a5
23.Ne1 Rd6 24.Kf2 Rfd8 25.Ke2 g5 26.b3 Bc3 27.Nf3 g4 28.Ng5 Kg7 29.Be4 Rd2+
30.Rxd2 Rxd2+ 31.Kf1 Bc8 32.Bxh7 f5 33.h4 Bf6 34.Ke1 Rxg2  0-1

[Event "Aceimar op 6th"]
[Site "Mondariz Balneario"]
[Date "1999.08.01"]
[Round "6"]
[White "Sales Montealegre, Raquel"]
[Black "Reinaldo Castineira, Roi"]
[Result "0-1"]
[WhiteElo "2120"]
[BlackElo "2325"]

1.e4 c5 2.c3 Nf6 3.e5 Nd5 4.d4 cxd4 5.Nf3 e6 6.Bc4 Nb6 7.Bb3 d6 8.exd6 Bxd6
9.cxd4 O-O 10.O-O Nd5 11.Nc3 Nxc3 12.bxc3 Qc7 13.Qd3 Nd7 14.Re1 Re8 15.Ng5 Nf8
16.Bc2 h6 17.Nf3 b5 18.Ne5 Bb7 19.Qg3 f6 20.Bxh6 fxe5 21.dxe5 Bc5 22.h4 Qf7
23.Bf4 Rac8 24.Bd3 a6 25.Qg4 Red8 26.Red1 Rd7 27.Rd2 Bb6 28.h5 Rcd8 29.Rad1 Be4
30.Bxe4 Rxd2 31.Rxd2 Rxd2 32.Bg6 Nxg6 33.hxg6 Qf5 34.Qxf5 Rd1+  0-1

[Event "Scandic Hotels CC"]
[Site "Stockholm"]
[Date "1999.08.06"]
[Round "7"]
[White "Anka, Emil"]
[Black "Yakovich, Yuri"]
[Result "0-1"]
[WhiteElo "2487"]
[BlackElo "2592"]

1.e4 c5 2.c3 Nf6 3.e5 Nd5 4.d4 cxd4 5.Nf3 Nc6 6.Bc4 Nb6 7.Bb3 d6 8.exd6 Qxd6
9.O-O Be6 10.Bxe6 Qxe6 11.Nxd4 Nxd4 12.Qxd4 Rd8 13.Qb4 Qc6 14.Nd2 e6 15.Qe4 Qd5
16.Qxd5 Nxd5 17.Ne4 h6 18.c4 Nb4 19.Be3 f5 20.Nc3 Nc2 21.Rad1 Nxe3 22.Rxd8+ Kxd8
23.fxe3 Bc5 24.Kf2 Ke7 25.Ke2 Bd6 26.h3 Be5 27.Nb5 h5 28.b4 g5 29.c5 a5 30.Rb1 Rc8
31.Nd4 axb4 32.Rxb4 Rxc5 33.Rxb7+ Kf6 34.Ra7 Bxd4 35.exd4 Rc2+ 36.Kf3 g4+
37.hxg4 hxg4+ 38.Kg3 Rd2 39.Rd7 Rxa2 40.d5 e5 41.Rd8 f4+ 42.Kxg4 Rxg2+ 43.Kf3 Rg3+
44.Kf2 Ke7 45.Ra8 Rd3 46.d6+ Rxd6 47.Kf3 Rd3+ 48.Kg4 Ke6 49.Re8+ Kd5 50.Kf5 Re3
51.Rd8+ Kc4 52.Rd1 f3 53.Kg4 e4 54.Kg3 Re2  0-1

[Event "Budapest FS08 IM"]
[Site "Budapest"]
[Date "1999.08.07"]
[Round "1"]
[White "Boe, Mads"]
[Black "Schneider, Attila"]
[Result "0-1"]
[WhiteElo "2361"]
[BlackElo "2395"]

1.e4 c5 2.c3 Nf6 3.e5 Nd5 4.d4 cxd4 5.cxd4 d6 6.Nf3 Nc6 7.Nc3 dxe5 8.dxe5 Nxc3
9.Qxd8+ Nxd8 10.bxc3 Nc6 11.Be3 Bd7 12.Bd3 Rc8 13.Be4 b6 14.O-O g6 15.Rfd1 Bg7
16.Bf4 Bg4 17.Re1 Na5 18.Nd4 Bd7 19.Rac1 Ba4 20.h4 O-O 21.h5 e6 22.h6 Bh8
23.Bd3 Rc5 24.Re3 Rd8 25.Nf3 Bc6 26.Ng5 Nc4 27.Bxc4 Rxc4 28.Bg3 Rd2 29.a3 Bd5
30.f3 b5 31.Kf1 Ra4 32.Be1 Rb2 33.Rd1 Ra6 34.Bf2 Rc6 35.Kg1 Rb3 36.Be1 Rxa3
37.Kf2 b4 38.c4 Rxc4 39.Rxd5 exd5  0-1

[Event "Hotel Agro IM A"]
[Site "Budapest"]
[Date "1999.08.07"]
[Round "9"]
[White "Aldrovandi, Costantino"]
[Black "Szeberenyi, Adam"]
[Result "0-1"]
[WhiteElo "2350"]
[BlackElo "2357"]

1.e4 c5 2.c3 Nf6 3.e5 Nd5 4.d4 cxd4 5.cxd4 d6 6.Nf3 Nc6 7.Bc4 e6 8.O-O Be7
9.a3 O-O 10.Qe2 Qc7 11.Qe4 b6 12.Re1 Bb7 13.Bd3 g6 14.Bh6 Rfd8 15.Bf1 Rac8
16.Nbd2 Na5 17.Qg4 Qc2 18.Ne4 Nb3 19.Rab1 dxe5 20.dxe5 Ne3 21.Nf6+ Bxf6 22.Bxe3 Bg7
23.Nd4 Nxd4 24.Bxd4 Qa4 25.Rbd1 Rd7 26.Rd2 Rcd8 27.Red1 Bxe5 28.b3 Qxb3 29.Bxe5 Rxd2
30.Rxd2 Rxd2 31.Qh4 Rd1 32.Bf6 Qd3  0-1

[Event "Chania op 9th"]
[Site "Chania"]
[Date "1999.08.08"]
[Round "6"]
[White "Tzermiadianos, Andreas"]
[Black "Genova, Ruzka"]
[Result "1-0"]
[WhiteElo "2432"]
[BlackElo "2240"]

1.e4 c5 2.c3 Nf6 3.e5 Nd5 4.Nf3 e6 5.Bc4 d6 6.d4 Nc6 7.O-O cxd4 8.cxd4 Nb6
9.Bb3 dxe5 10.dxe5 Qxd1 11.Rxd1 g6 12.Nc3 Bg7 13.Nb5 O-O 14.Bf4 h6 15.h4 Bd7
16.Nd6 Na5 17.Bc2 Bc6 18.Nd4 Bd5 19.b3 Nc6 20.Nxc6 Bxc6 21.Re1 Rfd8 22.Bg3 Nd5
23.a3 Rd7 24.b4 a6 25.Rac1 Rad8 26.Be4 Ne7 27.Bxc6 bxc6 28.Rc5 Ra8 29.Rec1 Bf8
30.Kh2 Kg7 31.R1c3 Rc7 32.R5c4 Nd5 33.Rxc6 Rxc6 34.Rxc6 g5 35.h5 Be7 36.f3 Kf8
37.Bf2 f5 38.g4 fxg4 39.fxg4 Kg7 40.Nc8 Bd8 41.Nb6 Bxb6 42.Bxb6 Rf8 43.Rxe6 Rf3
44.Rg6+ Kh7 45.Rd6 Nf4 46.e6 Rxa3 47.Rd7+ Kg8 48.Rd8+  1-0

[Event "BCF-ch 86th"]
[Site "Scarborough"]
[Date "1999.08.09"]
[Round "8"]
[White "Richards, Heather"]
[Black "Rahman, Taibur"]
[Result "0-1"]
[WhiteElo "2117"]
[BlackElo "2210"]

1.e4 c5 2.c3 Nf6 3.e5 Nd5 4.Nf3 g6 5.d4 cxd4 6.Ng5 e6 7.Qf3 f5 8.exf6 Qxf6
9.cxd4 Bb4+ 10.Bd2 Qxg5 11.Bxb4 Nxb4 12.Qc3 N8c6 13.d5 Qe5+ 14.Kd2 Nxd5 15.Qxe5 Nxe5
16.Na3 Ke7 17.g3 b6 18.Bg2 Bb7 19.f4 Nf7 20.Rhe1 Rac8 21.Nb5 Rc5 22.Nc3 Nxc3
23.Bxb7 Nd5 24.a3 Nf6 25.b4 Rc7 26.Bf3 Rhc8 27.g4 Rc2+ 28.Kd1 Rf2  0-1

[Event "MK Cafe Cup-B"]
[Site "Koszalin"]
[Date "1999.08.10"]
[Round "7"]
[White "Gradalski, Przemyslaw"]
[Black "Charchalis, Piotr"]
[Result "1-0"]
[WhiteElo "2309"]
[BlackElo "2181"]

1.e4 c5 2.c3 Nf6 3.e5 Nd5 4.d4 cxd4 5.cxd4 d6 6.Bc4 Nb6 7.Bb5+ Bd7 8.e6 Bxb5
9.Qh5 Qc8 10.Qxb5+ Qc6 11.exf7+ Kxf7 12.Qf5+ Ke8 13.Ne2 Qxg2 14.Rg1 Qd5 15.Qh3 g6
16.Nbc3 Qf5 17.Qxf5 gxf5 18.d5 Na6 19.Be3 Kf7 20.Rg5 Bh6 21.Rxf5+ Kg6 22.Rf3 Bxe3
23.fxe3 Kg7 24.Nd4 Rhg8 25.Ke2 Kh8 26.Raf1 Nc4 27.Rf7 Rg2+ 28.R1f2 Rxf2+
29.Kxf2 Nxb2 30.Nf5 Nc5 31.e4 b5 32.Rxe7 b4 33.Nb5 a5 34.Nfxd6 a4 35.Ke3 a3
36.Kd2 b3 37.Nc3 Nba4 38.Ndb5 Nxc3 39.Nxc3 Na4 40.d6 Rd8 41.d7 Nxc3 42.Re8+ Kg7
43.Rxd8 Nxe4+ 44.Ke3 Nf6 45.Rg8+ Nxg8 46.d8=Q b2 47.Qc7+ Kf6 48.Qb6+ Ke5
49.Qb5+ Kd6 50.Kd2 Nf6 51.Kc2 Nd5 52.Qa6+  1-0

[Event "Vlissingen HZ op"]
[Site "Vlissingen"]
[Date "1999.08.11"]
[Round "3"]
[White "Jonkman, Harmen"]
[Black "Baklan, Vladimir"]
[Result "0-1"]
[WhiteElo "2421"]
[BlackElo "2591"]

1.e4 c5 2.c3 Nf6 3.e5 Nd5 4.Nf3 Nc6 5.Bc4 Nb6 6.Bb3 d5 7.exd6 c4 8.Bc2 Bg4
9.h3 Bh5 10.O-O e6 11.b3 Bxd6 12.Re1 Qc7 13.Na3 Bxa3 14.Bxa3 O-O-O 15.Qe2 Qf4
16.Qe3 Qxe3 17.dxe3 Bxf3 18.gxf3 Ne5 19.Bd1 Nd3 20.Rf1 e5 21.Bc2 f5 22.Rad1 e4
23.fxe4 fxe4 24.Bxd3 cxd3 25.Bc5 Rd5 26.Bxb6 axb6 27.f3 Rhd8 28.Rd2 Rg5+
29.Kh2 Rf8 30.Rdf2 Rgf5 31.Kg2 Rxf3 32.Rxf3 Rxf3 33.Rxf3 exf3+ 34.Kxf3 g5
35.e4 h5 36.Ke3 g4 37.hxg4 h4 38.g5 Kd7 39.g6 Ke6 40.g7 Kf7  0-1

[Event "MK Cafe Cup-B"]
[Site "Koszalin"]
[Date "1999.08.13"]
[Round "10"]
[White "Syrtlanov, Vil"]
[Black "Medvegy, Nora"]
[Result "1-0"]
[WhiteElo "2397"]
[BlackElo "2296"]

1.e4 c5 2.c3 Nf6 3.e5 Nd5 4.d4 cxd4 5.Nf3 e6 6.cxd4 b6 7.Nc3 Nxc3 8.bxc3 Qc7
9.Bd2 Bb7 10.Bd3 d6 11.O-O Nd7 12.Ng5 dxe5 13.Qh5 g6 14.Qh3 Be7 15.Rfe1 Bd5
16.f4 exf4 17.c4 Bxg5 18.cxd5 O-O 19.dxe6 fxe6 20.Qxe6+ Kh8 21.Bb4 Bf6 22.Bxf8 Bxd4+
23.Kh1 Rxf8 24.Rad1 Be3 25.Bxg6 Nf6 26.Be4 Qg7 27.Bf3 Re8 28.Qf5 Qg6 29.Qb5 Ne4
30.Bxe4 Qxe4 31.Rf1 Rg8 32.Qb2+  1-0

[Event "Baunatal op 5th"]
[Site "Baunatal"]
[Date "1999.08.14"]
[Round "5"]
[White "Hieronymus, Andreas"]
[Black "Penndorf, Dieter"]
[Result "1-0"]
[WhiteElo "1699"]
[BlackElo "1907"]

1.e4 c5 2.c3 Nf6 3.e5 Nd5 4.d4 cxd4 5.Nf3 dxc3 6.Qxd5 cxb2 7.Bxb2 e6 8.Qb5 a6
9.Qa4 b5 10.Qd1 Nc6 11.Be2 Qa5+ 12.Nbd2 Bb4 13.O-O O-O 14.Ne4 Be7 15.Nd6 Qb4
16.Qd2 Qc5 17.Rfc1 Qa7 18.Bd3 h6 19.Be4 Bb7 20.Nxb7 Qxb7 21.Bd4 Rac8 22.Bc5 Bxc5
23.Rxc5 Qb8 24.Rac1 Rfd8 25.Qd6 Nxe5 26.Qxe5 d6 27.Rxc8 dxe5 28.Rxb8 Rxb8
29.Nxe5 Rd8 30.Kf1 Rd4 31.Rc8+  1-0

[Event "Baunatal op 5th"]
[Site "Baunatal"]
[Date "1999.08.15"]
[Round "7"]
[White "Stojadinovic, Tomislav"]
[Black "Krueger, Bernhard"]
[Result "1-0"]
[WhiteElo "1778"]
[BlackElo "1541"]

1.e4 c5 2.c3 Nf6 3.e5 Nd5 4.d4 cxd4 5.Nf3 e6 6.Bc4 dxc3 7.Bxd5 c2 8.Qxc2 exd5
9.O-O Be7 10.Nc3 d6 11.Nxd5 Nc6 12.Nxe7 Nxe7 13.exd6 Qxd6 14.Bg5 Be6 15.Rad1 Nd5
16.Rfe1 O-O 17.Nd4 Rfe8 18.a3 a6 19.Bf4 Qb6 20.Nxe6 fxe6 21.Bg3 Rac8 22.Qe2 Qc6
23.Be5 Qd7 24.Qg4 Qf7 25.h3 Rc2 26.Qg3 Rcc8 27.Re4 g6 28.Bd4 Qf5 29.Rde1 Rcd8
30.Rg4 Rf8 31.Kh2 Rde8 32.Bc5 Rf7 33.Re5 Qc2 34.b4 b6 35.Bd4 Kf8 36.Re1 Qf5
37.Qd6+ Kg8 38.Re5 Qd3 39.Rxe6 Ne7 40.Qe5  1-0

[Event "Budapest FS08 GM"]
[Site "Budapest"]
[Date "1999.08.15"]
[Round "9"]
[White "Blauert, Joerg"]
[Black "Skytte, Rasmus"]
[Result "1-0"]
[WhiteElo "2386"]
[BlackElo "2338"]

1.e4 c5 2.c3 Nf6 3.e5 Nd5 4.d4 cxd4 5.Nf3 e6 6.cxd4 d6 7.Bc4 Nc6 8.O-O Nc7
9.Nc3 b6 10.Bg5 Qd7 11.d5 exd5 12.Nxd5 dxe5 13.Rc1 Bb7 14.Nxe5 Nxe5 15.Nxc7+ Qxc7
16.Bb5+ Bc6 17.Rxc6 Qxc6 18.Bxc6+ Nxc6 19.Qd5 Rc8 20.Rd1  1-0

[Event "Ikaros op"]
[Site "Ikaros"]
[Date "1999.08.16"]
[Round "3"]
[White "Managadze, Nikoloz"]
[Black "Georgiev, Krum"]
[Result "1/2-1/2"]
[WhiteElo "2437"]
[BlackElo "2505"]

1.e4 c5 2.c3 Nf6 3.e5 Nd5 4.d4 cxd4 5.Nf3 e6 6.cxd4 d6 7.a3 Bd7 8.Bd3 Bc6
9.O-O Nd7 10.Re1 Rc8 11.Bg5 Be7 12.Bxe7 Qxe7 13.Nbd2 O-O 14.Ne4 dxe5 15.dxe5 Nf4
16.Qd2 Ng6 17.Neg5 h6 18.Bxg6 fxg6 19.Ne4 g5 20.Qb4 Qxb4 21.axb4 Bd5 22.Nc3 Bxf3
23.gxf3 Rf5 24.Nb5 Nxe5 25.Nd6 Nxf3+ 26.Kf1 Nxe1 27.Nxc8 Rf8 28.Ne7+ Kf7
29.Rxa7 Nd3 30.Rxb7 Ke8 31.Ke2 Nf4+ 32.Kd2 Rf7 33.Nc8 Rxb7 34.Nd6+ Kd7 35.Nxb7 Kc6
36.Nd8+ Kb5 37.Kc3 g4 38.Kd4 Kxb4 39.Ke3 Ng2+ 40.Ke4 Nh4 41.Nxe6 Nf3 42.Nxg7 Nxh2
43.Kf4 Kb3 44.Kg3 Nf3 45.Kxg4 Ne5+ 46.Kf5 Nd3 47.f3 Ne1  1/2-1/2

[Event "Zurich Hilton op"]
[Site "Zurich"]
[Date "1999.08.16"]
[Round "4"]
[White "Eschmann, Patrick"]
[Black "Capraro, L."]
[Result "1-0"]
[WhiteElo "2062"]
[BlackElo "2282"]

1.e4 c5 2.c3 Nf6 3.e5 Nd5 4.d4 cxd4 5.Nf3 Nc6 6.Bc4 Nb6 7.Bb3 d6 8.exd6 Qxd6
9.O-O d3 10.Na3 Bf5 11.Nb5 Qd8 12.Bf4 Rc8 13.Re1 e6 14.Nfd4 Nxd4 15.Nxd4 Nd5
16.Ba4+ Rc6 17.Nxc6 bxc6 18.Bxc6+ Ke7 19.Qf3  1-0

[Event "Budapest FS08 IM"]
[Site "Budapest"]
[Date "1999.08.17"]
[Round "11"]
[White "Boe, Mads"]
[Black "Pinter, Gabor"]
[Result "0-1"]
[WhiteElo "2361"]
[BlackElo "2332"]

1.e4 c5 2.c3 Nf6 3.e5 Nd5 4.d4 cxd4 5.Qxd4 e6 6.Nf3 Nc6 7.Qe4 f5 8.Qe2 b6
9.g3 a5 10.c4 Ba6 11.Qd1 Nde7 12.b3 Ng6 13.Bb2 Bb4+ 14.Nbd2 O-O 15.Bg2 d6
16.a3 Bc5 17.exd6 Qxd6 18.O-O e5 19.Ng5 Nge7 20.b4 axb4 21.axb4 Bxb4 22.c5 Qd3
23.Qh5 h6 24.Ndf3 Qe2 25.Ra2 Bxc5 26.Bxe5 Qxa2 27.Nh4  0-1

[Event "FRA-ch qual"]
[Site "Bescanon"]
[Date "1999.08.20"]
[Round "3"]
[White "Delaunay, Sebastien"]
[Black "Leroy, Didier"]
[Result "0-1"]
[WhiteElo "2185"]
[BlackElo "2325"]

1.e4 c5 2.c3 Nf6 3.e5 Nd5 4.d4 cxd4 5.Nf3 Nc6 6.Bc4 Nb6 7.Bb3 g6 8.Ng5 d5
9.exd6 e6 10.Qf3 f6 11.Bxe6 Bxd6 12.O-O Ne5 13.Qe4 fxg5 14.Bxc8 Qxc8 15.cxd4 Qg4
16.Re1 O-O-O 17.dxe5 Qxe4 18.Rxe4 Bb4 19.Nc3 Bxc3 20.Bxg5 Bxb2 21.Rb1 Rd4
22.Ree1 Ba3 23.e6 Re8 24.Rb3 Rxe6  0-1

[Event "GER-ch U20 int"]
[Site "Hamburg"]
[Date "1999.08.20"]
[Round "5"]
[White "Langrock, Hannes"]
[Black "Berger, Steve"]
[Result "0-1"]
[WhiteElo "2135"]
[BlackElo "2280"]

1.e4 c5 2.c3 Nf6 3.e5 Nd5 4.d4 cxd4 5.Nf3 Nc6 6.Bc4 Nb6 7.Bb3 d5 8.exd6 Qxd6
9.O-O d3 10.Na3 Bf5 11.Nb5 Qd7 12.Be3 e6 13.Nxa7 Nd5 14.Nxc6 Nxe3 15.Nce5 Nxd1
16.Nxd7 Nxc3 17.bxc3 Kxd7 18.Ne5+ Ke7 19.Rfd1 Rd8 20.Bc4 Kf6 21.Nxd3 Rc8
22.Bb5 Rxc3 23.Rac1 Rxc1 24.Rxc1 Bd6 25.Nb2  0-1

[Event "Brasilia Cup 3th"]
[Site "Brasilia"]
[Date "1999.08.22"]
[Round "6"]
[White "Matsuura, Everaldo"]
[Black "Tsuboi, Edson Kenji"]
[Result "1/2-1/2"]
[WhiteElo "2408"]
[BlackElo "2322"]

1.e4 c5 2.c3 Nf6 3.e5 Nd5 4.d4 cxd4 5.Nf3 Nc6 6.Bc4 Nb6 7.Bb3 d5 8.exd6 Qxd6
9.O-O Be6 10.Na3 Bxb3 11.Qxb3 Qd5 12.Nb5 Rc8 13.Nfxd4 Nxd4 14.Nxd4 e6 15.Be3 Bc5
16.Qb5+ Qd7 17.Qe2 O-O 18.Rfd1 Nd5 19.Nc2 Qe7 20.Bd4 Rfd8 21.Qe5 Bxd4 22.Rxd4 Nb6
23.Rad1 Rxd4 24.Qxd4 h6 25.Ne3 Qc5 26.Qxc5 Rxc5 27.Rd8+ Kh7 28.Kf1 Kg6 29.Rb8 Rc7
30.b3 a6 31.c4 Kf6 32.Ke2 Ke7 33.Rg8 g6 34.g4 Rc8 35.Rxc8  1/2-1/2

[Event "BIH-chT"]
[Site "Bihac"]
[Date "1999.08.23"]
[Round "3"]
[White "Fercec, Nenad"]
[Black "Bistric, Faruk"]
[Result "1/2-1/2"]
[WhiteElo "2476"]
[BlackElo "2466"]

1.e4 c5 2.c3 Nf6 3.e5 Nd5 4.d4 cxd4 5.Nf3 Nc6 6.cxd4 d6 7.Bc4 Nb6 8.Bb5 dxe5
9.Nxe5 Bd7 10.Bxc6 Bxc6 11.Nxc6 bxc6 12.O-O g6 13.Nc3 Bg7 14.Qf3 Rc8 15.Rd1 O-O
16.Bf4 Qd7 17.Be5 Rfd8 18.Bxg7 Kxg7 19.Rac1 Qd6 20.g3 Rd7 21.Ne4 Qb4 22.Qc3 Qxc3
23.Nxc3 Rcd8 24.Re1 e6 25.Ne4 Rxd4 26.Rxc6 Nc4 27.Re2 h6 28.Nc5 g5 29.Rexe6 Nd2
30.Re7 Kg8 31.Kg2 g4 32.h3 gxh3+ 33.Kxh3 Nf3 34.Kg2 Ng5 35.Rxh6 Rd2 36.Ne4 Nxe4
37.Rxe4 Kg7 38.Ra6 R8d7 39.b3 Rb2 40.Rg4+ Kf8 41.Rga4 Rdd2 42.Rf4 Rxa2 43.Rxa2 Rxa2
44.Ra4 Rb2 45.Ra3 Kg7 46.g4 Kg6 47.Kg3 Rc2 48.f4 Rc3+ 49.Kh4 a5 50.f5+ Kg7
51.Rxa5 Rxb3 52.g5 Rb1 53.Ra7 Rh1+ 54.Kg4 Rg1+ 55.Kf4 Rf1+ 56.Ke5 Re1+ 57.Kd6 Rd1+
58.Ke7 Re1+ 59.Kd7 Re5 60.f6+ Kg6  1/2-1/2

[Event "Polanica Zdroj op"]
[Site "Polanica Zdroj"]
[Date "1999.08.23"]
[Round "7"]
[White "Vysochin, Spartak"]
[Black "Gritsak, Orest"]
[Result "1/2-1/2"]
[WhiteElo "2487"]
[BlackElo "2550"]

1.e4 c5 2.c3 Nf6 3.e5 Nd5 4.Nf3 d6 5.exd6 exd6 6.d4 Be7 7.Be2 O-O 8.O-O Nc6
9.c4 Nf6 10.d5 Nb4 11.a3 Na6 12.h3 Bf5 13.Bd3 Qd7 14.Nc3 Rfe8 15.Qc2 Bxd3
16.Qxd3 h6 17.Bf4 Bf8 18.Rab1 b6 19.b4 Re7 20.Nd2 Rae8 21.Nb5 Ne4 22.Rfe1 Nxd2
23.Rxe7 Rxe7 24.Bxd2 Nc7 25.bxc5 dxc5 26.Nxa7 Nxd5 27.cxd5 Qxa7 28.d6 Rd7
29.Bf4 Qa4 30.Be3 c4 31.Qd4 b5 32.Qd5 c3 33.Rxb5 c2 34.Rc5 Rd8 35.Qd2 Qxa3
36.Qxc2 Qa1+ 37.Kh2 Rxd6 38.Rc8 Rd1  1/2-1/2

[Event "BIH-chT"]
[Site "Bihac"]
[Date "1999.08.24"]
[Round "4"]
[White "Filipovic, Branko"]
[Black "Hulak, Krunoslav"]
[Result "1-0"]
[WhiteElo "2420"]
[BlackElo "2493"]

1.e4 c5 2.c3 Nf6 3.e5 Nd5 4.Nf3 Nc6 5.Bc4 e6 6.d4 cxd4 7.cxd4 d6 8.O-O Be7
9.Qe2 O-O 10.Qe4 Qc7 11.Nbd2 Ndb4 12.exd6 Qxd6 13.a3 f5 14.Qb1 Nd5 15.Rd1 Bf6
16.Nf1 Bd7 17.Bg5 Bxg5 18.Nxg5 Nb6 19.Ba2 Ne7 20.Ne3 Rf6 21.Nc4 Nxc4 22.Bxc4 Rh6
23.g3 Bc6 24.Qd3 Nd5 25.Nf3 Nb6 26.Bb3 f4 27.Ne5 Bd5 28.Rac1 Rf8 29.Bxd5 Nxd5
30.Rc2 fxg3 31.fxg3 Rhf6 32.Rdc1 Qd8 33.Qe4 Rf5 34.Ng4 Qb6 35.Rc8 h5 36.Rxf8+ Kxf8
37.Ne5 Qxb2 38.Nd3 Qb6 39.Nc5 Kf7 40.Rb1 Qc6 41.Rxb7+ Kg6 42.Qxe6+ Qxe6 43.Nxe6 Ne3
44.Nf4+ Kf6 45.h4 Ra5 46.Rb3 Nc4 47.Rc3 Nxa3 48.Nxh5+ Kg6 49.g4 Nb5 50.Rc5 Ra1+
51.Kf2 Nxd4 52.Rg5+ Kh6 53.Rxg7 Rh1 54.Rd7 Nb5 55.Ng3 Rh2+ 56.Kf3 Kg6 57.Nf5  1-0

[Event "Pyramiden Franken Cup"]
[Site "Fuerth"]
[Date "1999.08.24"]
[Round "4"]
[White "Krug, Stefan"]
[Black "Handke, Florian"]
[Result "1-0"]
[WhiteElo "2187"]
[BlackElo "2361"]

1.e4 c5 2.c3 Nf6 3.e5 Nd5 4.d4 cxd4 5.Nf3 Nc6 6.Bc4 Nb6 7.Bb3 d6 8.exd6 Qxd6
9.O-O Be6 10.Bxe6 Qxe6 11.Nxd4 Nxd4 12.Qxd4 Rd8 13.Qb4 Qc6 14.a4 a6 15.Qb3 e6
16.Nd2 Bd6 17.Nf3 O-O 18.Bg5 Rd7 19.Rfd1 e5 20.a5 Na8 21.Qd5 Qxd5 22.Rxd5 f6
23.Rad1 e4 24.Rxd6 Rxd6 25.Rxd6 exf3 26.Be3 Nc7 27.gxf3 Nb5 28.Rd5 Rc8 29.Kf1 Rc6
30.Rd8+ Kf7 31.Rd7+ Kg6 32.Rxb7 Rd6 33.c4 Nd4 34.Bxd4 Rxd4 35.b3 Rd2 36.Rb6 Rb2
37.b4 Kf5 38.b5 Kf4 39.Kg2 axb5 40.cxb5 h5 41.a6 Ra2 42.Rc6 Ra5 43.Rc8  1-0

[Event "London MSO Masters"]
[Site "London"]
[Date "1999.08.24"]
[Round "4"]
[White "Jonkman, Harmen"]
[Black "Taylor, Peter"]
[Result "1-0"]
[WhiteElo "2421"]
[BlackElo "2164"]

1.e4 c5 2.c3 Nf6 3.e5 Nd5 4.Nf3 e6 5.d4 cxd4 6.cxd4 b6 7.Nc3 Nxc3 8.bxc3 Qc7
9.Bd2 Bb7 10.Bd3 d6 11.O-O Nd7 12.Ng5 dxe5 13.Qh5 g6 14.Qh3 Be7 15.Rae1 Rf8
16.Qxh7 O-O-O 17.Nxf7 Bxg2 18.Kxg2 Nf6 19.Qh3 Qc6+ 20.Be4 Nxe4 21.Nxe5 Qd5
22.c4  1-0

[Event "Zuglo Hotel op 2nd"]
[Site "Budapest"]
[Date "1999.08.25"]
[Round "5"]
[White "Boe, Mads"]
[Black "Dobos, Jozsef"]
[Result "1-0"]
[WhiteElo "2361"]
[BlackElo "2365"]

1.e4 c5 2.c3 Nf6 3.e5 Nd5 4.d4 cxd4 5.cxd4 d6 6.Nf3 Nc6 7.Nc3 dxe5 8.dxe5 Nxc3
9.Qxd8+ Nxd8 10.bxc3 Nc6 11.Bf4 Bd7 12.Bd3 g6 13.Rb1 b6 14.O-O Bg7 15.Rfd1 Rd8
16.Bb5 Rc8 17.Rxd7 Kxd7 18.Rd1+ Kc7 19.e6+ Kb7 20.Rd7+ Ka8 21.Ba6 Na5 22.Bxc8 Rxc8
23.Rxe7 Nc6 24.Rxf7 Bxc3 25.g3 Re8 26.Rc7 Rxe6 27.Ng5 Re1+ 28.Kg2 h6 29.Rxc6 hxg5
30.Be3 Bb4 31.Rxg6 Ra1 32.Rxg5 Rxa2 33.h4 Bc3 34.h5 a5 35.Bxb6 a4 36.Bc5  1-0